000 00543nam a2200217Ia 4500
003 0100
008 130303s9999 xx 000 0 und d
040 _cARRUPELIB
050 _aQA466.H85 1970
100 _aHuntley H.E
245 4 _aThe divine proportion
245 _ba study in mathematical beauty
260 _aNew York
260 _bDover publications
260 _C1970
300 _a186p.
300 _b 23 cm.
650 _bEnglish language--Old english
650 _cEnglish language--Middle English
942 _2lcc
_01
999 _c58720
_d58720